JOINT STRUCTURE & FUNCTION A COMPREHENSIVE ANALYSIS (Record no. 33176)

MARC details
000 -LEADER
fixed length control field 00439nam a22001697a 4500
003 - CONTROL NUMBER IDENTIFIER
control field SGT
020 ## - INTERNATIONAL STANDARD BOOK NUMBER
International Standard Book Number 9789389034820
082 ## - DEWEY DECIMAL CLASSIFICATION NUMBER
Classification number 615.8
Item number J19L
100 ## - MAIN ENTRY--PERSONAL NAME
Personal name LEVANGIS, PAMELA K.
245 ## - TITLE STATEMENT
Title JOINT STRUCTURE & FUNCTION A COMPREHENSIVE ANALYSIS
250 ## - EDITION STATEMENT
Edition statement 6TH
260 ## - PUBLICATION, DISTRIBUTION, ETC. (IMPRINT)
Place of publication, distribution, etc INDIA
Name of publisher, distributor, etc JAYPEE PUB
Year of Publication 2019
300 ## - PAGE DESCRIPTION
No. of Pages 535
650 ## - SUBJECT ADDED ENTRY--TOPICAL TERM
Topical term or geographic name as entry element SPORT SCIENCE
653 ## - KEYWORDS--INDEX TERM
Keyword term JOINT STRUCTURE & FUNCTION A COMPREHENSIVE ANALYSIS
942 ## - ADDED ENTRY ELEMENTS (KOHA)
Source of classification or shelving scheme Dewey Decimal Classification
Koha item type Books
Holdings
Withdrawn status Lost status Source of classification or shelving scheme Damaged status Not for loan Collection code Home library Current library Shelving location Date acquired Vendor Name Cost, normal purchase price SGTU Bill Number Full call number Accession No. (Barcode) Date last seen Bill Date Koha item type Total Checkouts Date last borrowed Checked out
    Dewey Decimal Classification   Not For Loan MEDICAL SGT Medical Library SGT Medical Library Text Book 06/10/2025 BRIJWASI BOOK DISTRIBUTORS DELHI 1995.00 SGTU BW/000285 615.8 J19L FM15621 11/11/2025 06/10/2025 Books      
    Dewey Decimal Classification     MEDICAL SGT Medical Library SGT Medical Library Text Book 06/10/2025 BRIJWASI BOOK DISTRIBUTORS DELHI 1995.00 SGTU BW/000285 615.8 J19L FM15622 06/05/2026 06/10/2025 Books 6 22/04/2026  
    Dewey Decimal Classification     MEDICAL SGT Medical Library SGT Medical Library Text Book 06/10/2025 BRIJWASI BOOK DISTRIBUTORS DELHI 1995.00 SGTU BW/000285 615.8 J19L FM15623 15/05/2026 06/10/2025 Books 3 15/05/2026 29/05/2026
    Dewey Decimal Classification     MEDICAL SGT Medical Library SGT Medical Library Text Book 06/10/2025 BRIJWASI BOOK DISTRIBUTORS DELHI 1995.00 SGTU BW/000285 615.8 J19L FM15624 09/04/2026 06/10/2025 Books 4 27/03/2026  
    Dewey Decimal Classification     MEDICAL SGT Medical Library SGT Medical Library Text Book 06/10/2025 BRIJWASI BOOK DISTRIBUTORS DELHI 1995.00 SGTU BW/000285 615.8 J19L FM15625 29/05/2026 06/10/2025 Books 10 29/05/2026